<?xml version="1.0" encoding="UTF-8"?>
<collection xmlns="http://www.loc.gov/MARC21/slim">
  <record>
    <leader>00000nam  2200000   4500</leader>
    <controlfield tag="001">INLIS000000000809983</controlfield>
    <controlfield tag="005">20251013102123</controlfield>
    <datafield tag="035" ind1="#" ind2="#">
      <subfield code="a">0010-0925000108</subfield>
    </datafield>
    <datafield tag="100" ind1="#" ind2="#">
      <subfield code="a">Qazwaini, Abi 'Abdillah Muhammad bin Yazid</subfield>
    </datafield>
    <datafield tag="245" ind1="1" ind2="#">
      <subfield code="a">Sunan Ibnu Majah /</subfield>
      <subfield code="c">Abi 'Abdillah Muhammad bin Yazid al-Qazwaini</subfield>
    </datafield>
    <datafield tag="260" ind1="#" ind2="#">
      <subfield code="a">Beirut : :</subfield>
      <subfield code="b">Muassasah Risalah Beirut</subfield>
    </datafield>
    <datafield tag="300" ind1="#" ind2="#">
      <subfield code="a">960 hlm. ;</subfield>
      <subfield code="c">24 cm.</subfield>
    </datafield>
    <controlfield tag="007">ta</controlfield>
    <controlfield tag="008">251013###########################0#ara##</controlfield>
    <datafield tag="082" ind1="#" ind2="#">
      <subfield code="a">202.26</subfield>
    </datafield>
    <datafield tag="084" ind1="#" ind2="#">
      <subfield code="a">R 202.26 QAZ s</subfield>
    </datafield>
    <datafield tag="520" ind1="#" ind2="#">
      <subfield code="a">Disusun oleh Imam Abu ‘Abdillah Muhammad bin Yazid Ibnu M?jah al-Qazwini (209–273 H). Termasuk salah satu dari Kutub al-Sittah. Kitab ini menghimpun hadis-hadis Nabi ? yang disusun berdasarkan bab fiqh, mencakup berbagai aspek ibadah dan muamalah</subfield>
    </datafield>
    <datafield tag="990" ind1="#" ind2="#">
      <subfield code="a">00000002062</subfield>
    </datafield>
  </record>
</collection>
